000
00316nam a22001457a 4500
008
231124b ||||| |||| 00| 0 eng d
020
_a
9780465019915
041
_a
eng
080
_a
32
082
_a
32GAN
100
_a
28
101
_a
PPM
245
_a
THE WAR AGAINST THE POOR
_c
GANS .J.H
942
_2
udc
_c
BK
999
_c
60532
_d
60532